000 00633nam a2200217Ia 4500
005 20250508165143.0
008 008 250505s9999 xx 000 0 eng d
020 _a978-1-4129-9573-3
037 _aReference
040 _aFEDL
_beng
_cFEDL
041 _aeng
_2eng
084 _a001.42, SUT/RR
_qFEDL
100 _aSuter W Newton
_9469144
245 0 _aIntroduction to educational research: A critical thinking approach
250 _a2
260 _aCalifornia, USA
_bSage Publications
_c2012
300 _axxxiv,490p.
365 _aUSD
_b94.95
942 _cREF
_h001.42, SUT/RR
999 _c1393470
_d1393470